Fluid Mechanics and Thermodynamics of ATurbomachinery / (Record no. 14989)
[ view plain ]
| 000 -LEADER | |
|---|---|
| fixed length control field | 00824cam a2200241 a 4500 |
| 001 - CONTROL NUMBER | |
| control field | 16010521 |
| 005 - DATE AND TIME OF LATEST TRANSACTION | |
| control field | 20130311151750.0 |
| 008 - FIXED-LENGTH DATA ELEMENTS--GENERAL INFORMATION | |
| fixed length control field | 091207s2010 maua b 001 0 eng |
| 010 ## - LIBRARY OF CONGRESS CONTROL NUMBER | |
| LC control number | 2009048801 |
| 020 ## - INTERNATIONAL STANDARD BOOK NUMBER | |
| International Standard Book Number | 1856177939 (alk. paper) |
| 020 ## - INTERNATIONAL STANDARD BOOK NUMBER | |
| International Standard Book Number | 9781856177931 (alk. paper) |
| 082 00 - DEWEY DECIMAL CLASSIFICATION NUMBER | |
| Classification number | 621.406 |
| Edition number | 22 |
| Item number | DIX |
| 100 1# - MAIN ENTRY--PERSONAL NAME | |
| Personal name | Dixon, S. L. |
| Fuller form of name | (Sydney Lawrence) |
| 9 (RLIN) | 22491 |
| 245 10 - TITLE STATEMENT | |
| Title | Fluid Mechanics and Thermodynamics of ATurbomachinery / |
| Statement of responsibility, etc | S.L. Dixon, C.A. Hall. |
| 250 ## - EDITION STATEMENT | |
| Edition statement | 6th ed. |
| 260 ## - PUBLICATION, DISTRIBUTION, ETC. (IMPRINT) | |
| Place of publication, distribution, etc | Burlington, MA : |
| Name of publisher, distributor, etc | Butterworth-Heinemann/Elsevier, 2010 |
| Date of publication, distribution, etc | 2010. |
| 300 ## - PHYSICAL DESCRIPTION | |
| Extent | xviii, 459 p. : |
| Other physical details | ill. ; |
| Dimensions | 25 cm. |
| 504 ## - BIBLIOGRAPHY, ETC. NOTE | |
| Bibliography, etc | Includes bibliographical references and index. |
| 650 #0 - SUBJECT ADDED ENTRY--TOPICAL TERM | |
| Topical term or geographic name as entry element | Turbomachines |
| General subdivision | Fluid dynamics. |
| 9 (RLIN) | 22492 |
| 653 ## - INDEX TERM--UNCONTROLLED | |
| Resource For college | |
| Arrived date list | March2013 |
| 700 1# - ADDED ENTRY--PERSONAL NAME | |
| Personal name | Hall, C. A. |
| Fuller form of name | (Cesare A.) |
| 9 (RLIN) | 22493 |
| 942 ## - ADDED ENTRY ELEMENTS (KOHA) | |
| Source of classification or shelving scheme | Dewey Decimal Classification |
| Item type | Book - Borrowing |
| Withdrawn status | Item status | Source of classification or shelving scheme | Damaged status | Not for loan | Vendor | Home library | Current library | Shelving location | Date acquired | Source of acquisition | Cost, normal purchase price | Serial Enumeration / chronology | Total Checkouts | Total Renewals | Full call number | Barcode | Date last seen | Date last borrowed | Koha item type |
|---|---|---|---|---|---|---|---|---|---|---|---|---|---|---|---|---|---|---|---|
| Dewey Decimal Classification | Baccah | Central Library | Central Library | First floor | 10/03/2011 | 289.00 | 11866 | 2 | 29 | 621.406 DIX | 000022917 | 15/07/2025 | 18/11/2013 | Book - Borrowing | |||||
| Dewey Decimal Classification | Baccah | Central Library | Central Library | First floor | 11/03/2013 | 289.00 | 621.406 DIX | 000028460 | 15/07/2025 | Book - Borrowing | |||||||||
| Dewey Decimal Classification | Baccah | Central Library | Central Library | First floor | 11/03/2013 | 289.00 | 3 | 42 | 621.406 DIX | 000028461 | 15/07/2025 | 12/11/2017 | Book - Borrowing | ||||||
| Dewey Decimal Classification | Baccah | Central Library | Central Library | First floor | 11/03/2013 | 289.00 | 2 | 621.406 DIX | 000028462 | 15/07/2025 | 13/08/2020 | Book - Borrowing |